Statistics for Kviz o Novom Sadu

Click here to take the quiz!

General Stats

  • This quiz has been taken 240 times
    (219 since last reset)
  • The average score is 12 of 18

Answer Stats

QuestionAnswer% Correct
Kako se zove letnji muzički festival koji se na Petrovaradinskoj tvrđavi održava od 2000. godine?Exit
91%
Kako glasi je popularni nadimak Novog Sada?Srpska Atina
91%
Na kom jeziku se Novi Sad naziva "Újvidék?"Na mađarskom
90%
Koji naučnik je bio suprug srpske matematičarke Mileve Marić, koja je rođena u Titelu, a živela je u Novom Sadu?Albert Ajnštajn
88%
Kako se zove fudbalski klub koji je osvojio dva prvenstva Jugoslavije 1966. i 1989. godine?FK Vojvodina
87%
Koji je istaknuti srpski tekstopisac i pevač, poznat kao „Panonski mornar“, živeo i stvarao u Novom Sadu?Đorđe Balašević
86%
Posle Srba, koja etnička grupa čini drugu po veličini novosadsku populaciju?Mađari
86%
Koje je latinsko ime za Novi Sad?Neoplanta
79%
Koji je najstariji i najpoznatiji sajam u Novom Sadu?Sajam poljoprivrede
76%
Kako se zove centralni trg u Novom Sadu?Trg Slobode
73%
Čiji spomenik je podignut na centralnom novosadskom trgu?Svetozar Miletić
71%
Koja bivša prva teniserka sveta je rođena u Novom Sadu?Monika Seleš
66%
Ko je autor spomenika na centralnom novosadskom trgu?Ivan Meštrović
53%
Kada je Petrovardinska tvrđava završena sa izgradnjom?1780.
51%
Za koji inauguracioni događaj je SPENS (Sportsko poslovni centar "Vojvodina") prvi put otvorio svoja vrata 1981. godine?Svetsko prvenstvo u stonom tenisu
49%
Gde se nalazilo sedište Matice srpske, pre premeštanja u Novi Sad 1864. godine?U Budimpešti
44%
Koje godine je osnovan Novi Sad, kada su srpski trgovci formirali koloniju kao strateško habzburško vojno mesto?1694.
32%
Koji novosadski most je prvi srušen tokom NATO bombardovanja 1999. godine?Petrovaradinski most
21%

Score Distribution

Percentile by Number Answered

Percent of People with Each Score

Your Score History

You have not taken this quiz since the last reset